000 00326nam a2200145Ia 4500
008 230605s1987 xx 000 0 und d
041 _aeng
100 _aJay J
245 _aModern Food Microbiology
260 _bC.B.S.Publication
_c1987
300 _a642p
520 _aGeneral
520 _aHard Board
650 _aC.S.
999 _c419912
_d419912